000 00641nam a2200205 4500
003 OSt
005 20240718081722.0
006 a
008 240718b |||||||| |||| 00| 0 eng d
020 _a0534628656
040 _aDWCL-Main lib.
_cOC
082 _aCirc. 371.4 P269s 2005
100 _aParsons, Richard D.
245 _aThe school counselor as consultant: an animated model for school-based consultation /
260 _aUSA:
_bThomson Brooks/Cole,
_cc2005.
300 _axx,
_b364 p. ;
_c23 cm.
504 _aIncludes bibliographical references & index.
650 _a1. Educational counseling.
942 _2ddc
_n0
_cBK-CIRC
_kCirc.
999 _c2395
_d2395